Top 20 Most Famous Popes' Names - Statistics

General Stats
  • This quiz has been taken 252 times
  • The average score is 11 of 20
Answer Stats
% year name % Correct
95 1963 John
99%
85 1978 Paul
90%
82 2013 Benedict
82%
80 2005 John Paul
80%
93 2025 Francis
77%
64 1958 Pius
75%
48 1903 Leo
74%
76 64 Peter
69%
51 1724 Innocent
68%
44 1846 Gregory
59%
49 1644 Urban
59%
37 1775 Clement
52%
38 1667 Alexander
50%
25 1404 Boniface
34%
33 1058 Stephen
32%
28 1590 Sixtus
31%
24 1522 Adrian
27%
45 337 Mark
27%
31 1555 Julius
25%
23 1447 Nicholas
24%
No matching quizzes found
Score Distribution
Percent of People with Each Score
Percentile by Number Answered
Your Score History
You have not taken this quiz